000 00295nam a22001337a 4500
008 170419b xxu||||| |||| 00| 0 eng d
020 _a9780781794855
041 _aeng
080 _210TH
_a573
100 _a11
101 _aSHM
245 _aMEDICAL EMBRYOLOGY
_cSALDER, T.W
942 _2udc
_cBK
999 _c11153
_d11153